| 000 | 00912nam a2200229 a 4500 | ||
|---|---|---|---|
| 001 | 44028 | ||
| 003 | BD-RjUL | ||
| 005 | 20211209053804.0 | ||
| 008 | 160712s2004 ii ||||| |||| 00| 0 ben d | ||
| 020 | _c: Tk. 100.00 | ||
| 035 | _a(BD-RjUL)44146 | ||
| 040 |
_aBD-RjUL _bben _cBD-RjUL |
||
| 041 | _aben | ||
| 082 |
_223 _a398.2095492 _bKRB 2004 |
||
| 100 |
_aখাঁ, কৃষ্ণা _9135238 |
||
| 245 | 1 | 0 |
_aবাংলার লোক-সাহিত্য : _bমূলপাঠ নির্ণয় / _cকৃষ্ণা খাঁ |
| 260 |
_aকলকাতা : _bপুস্তক বিপনি, _c২০০৪ |
||
| 300 |
_a১৬০ পৃ. ; _c২১ সেমি. |
||
| 650 |
_aলোকসাহিত্য _xইতিহাস ও সমালোচনা _xবাংলাদেশ _9135239 |
||
| 650 |
_aFolk literature _xHistory and criticism _xBangladesh _9135233 |
||
| 942 |
_2ddc _cBK |
||
| 999 |
_c44028 _d44028 |
||